000
00248nam a2200097 4500
999
_c
514994
_d
514994
082
_a
TNC A45 D851
100
_a
Dubey, B.R.
_9
20027
245
_a
Shri Guru - tattwa - darshan: my Gurudev
260
_a
Bihar
_b
Hridaya Prakashan
_c
2002
300
_a
160p.